000
00506nam a2200181Ia 4500
008
090123s9999 xx 000 0 und d
082
_b
3716
100
_a
पुट्टप के. व्हि.
245
_a
हुवु कावु
250
_a
1
260
_c
1974
300
_a
260
600
_a
पुट्टप के. व्हि.
630
_a
हुवु कावु
700
_a
पुट्टप के. व्हि.
730
_a
हुवु कावु
942
_c
BOOK
999
_c
41795
_d
41795